00523nam a22001577a 4500020000800000040001600008082001700024100002500041245006600066250001700132260004000149300004600189942001200235999001900247952009900266 qHB. cFIZZA ISHAQ a658.309bYOD aYoder, Dale.9134390 aPersonnel Management and Industrial Relations /c Dale Yoder. a5th edition. aNew York :b Prentice-Hall, c1938. a665 P. ; : illustrations, charts ;c23 cm 2ddccBK c617369d617369 00102ddc4070aNQCbNQCcGENd2026-05-09l0o658.309 YODpQD-241r2026-05-09w2026-05-09yBK